Tiga novela

Bibliographic Details
Main Author: Lawrence, D.H
Other Authors: Khamariah Ahamed (penterjemah)
Format: Book
Published: Kuala Lumpur : DBP , 1994
Subjects:

MARC

LEADER 00000cam a2200000 7i4500
001 0000006320
002 000006824
005 20000330.0
020 |a 9836231196 
090 0 0 |a F   |b LAW 
100 1 |a Lawrence, D.H 
245 1 0 |a Tiga novela   |c D.H. Lawrence ; penterjemah oleh Khamariah Ahamed 
260 |a Kuala Lumpur :   |b DBP ,   |c 1994 
300 |a 427 p. ;   |c 17 cm. 
650 0 0 |a General fiction, Malay 
700 1 |a Khamariah Ahamed ,   |e penterjemah 
999 |a 039305   |b BUKU   |c PINJAMAN   |e PERPUSTAKAAN KOMUNITI PETALING JAYA 
999 |a 039306   |b BUKU   |c PINJAMAN   |e PERPUSTAKAAN KOMUNITI PETALING JAYA